Datum a čas kvízu
31
Celkem bodů
Celkový počet nahraných bodů na tomto kvízu bez doplňovacích otázek.
5.
Pořadí na kvízu
Konečné umístění týmu na tomto kvízu.
Zaznamenané odpovědi
| # | Otázka | Odpověď | Body | Výsledky |
|---|---|---|---|---|
| 1. | Který hudebník narozený v roce... | Vladimír Mišík | 0 | |
| 2. | Poměrně neobvyklé záběry se do... | ve Španělsku | 1 | |
| 3. | Doplňte slovo do názvu časosbě... | Havel | 0 | |
| 4. | Kopřivnická Tatra představila... | vodík | 1 | |
| 5. | Fotbalisté Barcelony nastoupil... | Rolling Stones. | 0 | |
| 6. | Naše téma nezačneme v kurníku,... | Fabergého vejce | 1 | |
| 7. | Barvíte velikonoční vajíčka? T... | 1A 2B 3D 4C | 0 | |
| 8. | Která z vajec na obrázku snesl... | B | 0 | |
| 9. | Napište název americké romanti... | 50x a stále poprvé | 0 | |
| 10. | Vyberte nepravdivé tvrzení. | D | 0 |